[Event "Mitropa Cup (Women)"]
[Site "Apolda"]
[Date "2024.02.23"]
[Round "9.17"]
[White "Koubova, Anna Marie"]
[Black "Heinemann, Josefine"]
[Result "1/2-1/2"]
[WhiteElo "2098"]
[BlackElo "2328"]
[PlyCount "60"]
[EventDate "2024.02.15"]
[EventType "team-tourn"]
[EventRounds "9"]
[EventCountry "GER"]
[SourceTitle "CB09_2024"]
[SourceDate "2024.02.28"]
[SourceVersion "1"]
[SourceVersionDate "2024.02.28"]
[SourceQuality "1"]
[WhiteTeam "Czech Republic (W)"]
[BlackTeam "Germany (W)"]
[WhiteTeamCountry "CZE"]
[BlackTeamCountry "GER"]

1. e4 c5 2. Nf3 d6 3. Bb5+ Nd7 4. 0-0 a6 5. Bxd7+ Bxd7 6. d4 cxd4 7. Qxd4 Nf6 8. c4 e6 9. Nc3 Be7 10. Bg5 Bc6 11. Rad1 0-0 12. Bh4 Qa5 13. e5 dxe5 14. Nxe5 Rac8 15. Nxc6 Rxc6 16. Ne4 Qf5 17. Nxf6+ Bxf6 18. Bxf6 Qxf6 19. b3 Qxd4 20. Rxd4 b5 21. cxb5 axb5 22. Rfd1 g6 23. g3 Kg7 24. Rd7 Rfc8 25. Rb7 Rc1 26. Rxc1 Rxc1+ 27. Kg2 Rc2 28. Rxb5 Rxa2 29. Rb8 h5 30. h4 Rb2 1/2-1/2

[Event "Mitropa Cup (Women)"]
[Site "Apolda"]
[Date "2024.02.17"]
[Round "3.18"]
[White "Zimina, Olga"]
[Black "Koubova, Anna Marie"]
[Result "1-0"]
[WhiteElo "2291"]
[BlackElo "2098"]
[PlyCount "60"]
[EventDate "2024.02.15"]
[EventType "team-tourn"]
[EventRounds "9"]
[EventCountry "GER"]
[SourceTitle "CB09_2024"]
[SourceDate "2024.02.28"]
[SourceVersion "1"]
[SourceVersionDate "2024.02.28"]
[SourceQuality "1"]
[WhiteTeam "Italy (W)"]
[BlackTeam "Czech Republic (W)"]
[WhiteTeamCountry "ITA"]
[BlackTeamCountry "CZE"]

1. e4 e5 2. Nf3 Nc6 3. Bb5 a6 4. Ba4 Nf6 5. 0-0 Be7 6. Re1 b5 7. Bb3 d6 8. c3 0-0 9. h3 Nb8 10. d4 Nbd7 11. Nbd2 Bb7 12. Bc2 Re8 13. Nf1 Bf8 14. Ng3 g6 15. a4 c5 16. d5 c4 17. Bg5 Nc5 18. axb5 axb5 19. Rxa8 Bxa8 20. Nh2 Be7 21. Bh6 Bb7 22. Qf3 Bc8 23. Ra1 Bd7 24. Nhf1 Bf8 25. Bg5 Be7 26. Be3 Qc7 27. Nh2 Rb8 28. Qe2 Na4 29. Bxa4 bxa4 30. Rf1 Rb3 1-0

[Event "Wch U20 Girls 38th"]
[Site "Cala Gonone"]
[Date "2022.10.14"]
[Round "4"]
[White "Urh, Zala"]
[Black "Koubova, Anna Marie"]
[Result "1-0"]
[WhiteElo "2221"]
[BlackElo "2089"]
[PlyCount "93"]
[EventDate "2022.10.12"]
[EventType "swiss"]
[EventRounds "11"]
[EventCountry "ITA"]
[SourceTitle "CBM 210 Extra"]
[Source "ChessBase"]
[SourceDate "2022.11.30"]
[SourceVersion "1"]
[SourceVersionDate "2022.11.30"]
[SourceQuality "1"]

1. d4 Nf6 2. c4 e6 3. Nc3 Bb4 4. e3 0-0 5. Nge2 c5 6. a3 Bxc3+ 7. Nxc3 cxd4 8. exd4 d5 9. Be2 dxc4 10. Bxc4 h6 11. 0-0 Nbd7 12. Qd3 Nb6 13. Ba2 Nbd5 14. Nxd5 Nxd5 15. Bb1 Nf6 16. Bf4 Bd7 17. Be5 g6 18. Qf3 Nd5 19. Qh3 Kh7 20. Bd3 Rc8 21. Rae1 f5 22. Kh1 Rg8 23. Qg3 Qb6 24. Re2 Rcf8 25. Bc4 Bb5 26. Bxb5 Qxb5 27. Rfe1 Rc8 28. h4 Rc6 29. Qf3 Qa4 30. g4 Rc2 31. gxf5 gxf5 32. Qh5 Rg6 33. Kh2 Qc6 34. Rg1 Ne7 35. Bg3 f4 36. Bxf4 Rxe2 37. Qxe2 Rxg1 38. Kxg1 Nf5 39. Qh5 Qe4 40. Qf7+ Ng7 41. Bg3 a5 42. Qd7 Qb1+ 43. Kg2 b6 44. Be5 Qe4+ 45. Kg3 Qg6+ 46. Kh2 Qg4 47. Qxg7+ 1-0

[Event "Wch U20 Girls 38th"]
[Site "Cala Gonone"]
[Date "2022.10.13"]
[Round "2"]
[White "Hrebenshchykova, Yelyzaveta"]
[Black "Koubova, Anna Marie"]
[Result "1-0"]
[WhiteElo "2268"]
[BlackElo "2089"]
[PlyCount "129"]
[EventDate "2022.10.12"]
[EventType "swiss"]
[EventRounds "11"]
[EventCountry "ITA"]
[SourceTitle "CBM 210 Extra"]
[Source "ChessBase"]
[SourceDate "2022.11.30"]
[SourceVersion "1"]
[SourceVersionDate "2022.11.30"]
[SourceQuality "1"]

1. e4 c6 2. d4 d5 3. e5 Bf5 4. h4 h5 5. c4 dxc4 6. Bxc4 e6 7. Nc3 Nd7 8. Nge2 Be7 9. Ng3 Bg4 10. Be2 Bxe2 11. Qxe2 g6 12. Nge4 Nb6 13. Be3 Nh6 14. Rd1 Nf5 15. Bg5 Nd5 16. Bxe7 Qxe7 17. Nxd5 exd5 18. Nf6+ Kf8 19. a3 Kg7 20. g3 Nd6 21. 0-0 Ne8 22. Nxe8+ Raxe8 23. f4 c5 24. f5 Kh7 25. Qf3 cxd4 26. Qxd5 Rd8 27. fxg6+ fxg6 28. Qe4 Rhe8 29. Rxd4 Qc5 30. Rf7+ Kh8 31. Rf4 Rxe5 32. Qxe5+ Qxe5 33. Rxd8+ Kg7 34. Rdd4 a5 35. Kg2 Qe3 36. Rfe4 Qc1 37. Re2 Qc6+ 38. Rde4 Kh6 39. Kh2 Qb5 40. Rf2 Qc6 41. Re7 Qb6 42. Rff7 Qxb2+ 43. Kh3 Qh8 44. Rxb7 a4 45. Kg2 Qg8 46. Kf3 Qh8 47. Ke4 Qe8+ 48. Kd3 Qd8+ 49. Rbd7 Qh8 50. Rh7+ Qxh7 51. Rxh7+ Kxh7 52. Kc4 g5 53. Kb4 g4 54. Kxa4 Kg6 55. Kb5 Kf5 56. a4 Ke4 57. a5 Kf3 58. a6 Kxg3 59. a7 Kh2 60. a8Q g3 61. Qb8 Kh3 62. Qc8+ Kh2 63. Qc7 Kh3 64. Qd7+ Kh2 65. Qd6 1-0

[Event "EU-ch (Women) 22nd"]
[Site "Prague"]
[Date "2022.08.30"]
[Round "10"]
[White "Koubova, Anna Marie"]
[Black "Kordzadze, Nino"]
[Result "1-0"]
[WhiteElo "2122"]
[BlackElo "1993"]
[PlyCount "77"]
[EventDate "2022.08.20"]
[EventType "swiss"]
[EventRounds "11"]
[EventCountry "CZE"]
[SourceTitle "CBM 209 Extra"]
[Source "ChessBase"]
[SourceDate "2022.09.30"]
[SourceVersion "1"]
[SourceVersionDate "2022.09.30"]
[SourceQuality "1"]

1. d4 e6 2. c4 f5 3. g3 Nf6 4. Bg2 Be7 5. Nf3 d6 6. 0-0 0-0 7. Nc3 a5 8. Qc2 Nc6 9. a3 e5 10. d5 Nb8 11. Ng5 Ng4 12. Ne6 Bxe6 13. dxe6 c6 14. h3 Nh6 15. Qb3 Na6 16. Qxb7 Nc5 17. Qxc6 Rc8 18. Qd5 Qb6 19. Nb5 a4 20. Bxh6 gxh6 21. Rad1 Rf6 22. Qd2 e4 23. Qb4 Rd8 24. Nc3 Qxb4 25. axb4 Nxe6 26. Nxa4 Rg6 27. Nb6 Bf6 28. b3 Nd4 29. e3 Nxb3 30. Rd5 Be5 31. Rb1 Rb8 32. c5 Na1 33. Nd7 Ra8 34. Nxe5 dxe5 35. Rxe5 Nc2 36. Rxf5 Nxe3 37. fxe3 Rxg3 38. Kf2 Rg7 39. Bxe4 1-0

[Event "CZE-ch (Women)"]
[Site "Jaromerice nad Rokytnou"]
[Date "2022.05.29"]
[Round "9"]
[White "Nemcova, Karin"]
[Black "Koubova, Anna Marie"]
[Result "1-0"]
[WhiteElo "2181"]
[BlackElo "2115"]
[PlyCount "151"]
[EventDate "2022.05.21"]
[EventType "tourn"]
[EventRounds "9"]
[EventCountry "CZE"]
[SourceTitle "CBM 208 Extra"]
[Source "ChessBase"]
[SourceDate "2022.07.31"]
[SourceVersion "1"]
[SourceVersionDate "2022.07.31"]
[SourceQuality "1"]

1. e4 e6 2. d4 d5 3. Nc3 Nc6 4. Nf3 Nf6 5. e5 Ne4 6. Ne2 f6 7. Ng3 fxe5 8. dxe5 Be7 9. Nxe4 dxe4 10. Qxd8+ Bxd8 11. Ng5 Nxe5 12. Nxe4 0-0 13. Bd2 b6 14. Bc3 Bb7 15. Ng3 Ng4 16. Bc4 Bd5 17. Bxd5 exd5 18. 0-0 Bg5 19. h3 Nf6 20. f4 Bh6 21. Nf5 Ne4 22. Ne7+ Kh8 23. Be5 Ng3 24. Rf2 Bxf4 25. Bxf4 Rxf4 26. Nxd5 Rc4 27. Re1 c6 28. Nc3 Nh5 29. Rf7 Kg8 30. Rc7 Rc5 31. Ree7 Rg5 32. Ne4 Rg6 33. g4 Nf4 34. Kh2 Nd5 35. Rxa7 Rxa7 36. Rxa7 h6 37. Kg3 Re6 38. Kf3 Re8 39. c4 Rf8+ 40. Kg3 Nf6 41. Nxf6+ Rxf6 42. b4 Rd6 43. Ra6 Rd4 44. Rxb6 Rxc4 45. Kf3 Rc3+ 46. Ke4 Ra3 47. Rxc6 Rxa2 48. Kf5 Kh7 49. h4 g6+ 50. Kf4 Rh2 51. Rc7+ Kg8 52. Kg3 Rb2 53. Rb7 g5 54. hxg5 hxg5 55. Kf3 Kf8 56. Rb5 Kf7 57. Ke4 Ke6 58. Rb6+ Kd7 59. b5 Rf2 60. Ke5 Rf4 61. Rd6+ Kc7 62. Rd4 Rf1 63. Ke6 Rf4 64. Ke5 Rf1 65. Rc4+ Kb7 66. Kd5 Rd1+ 67. Kc5 Rg1 68. Rd4 Rg2 69. Re4 Rg1 70. Re7+ Kc8 71. Re4 Kb7 72. Kd6 Kb6 73. Ke6 Kxb5 74. Kf5 Kc5 75. Kxg5 Kd5 76. Re8 1-0

[Event "CZE-ch (Women)"]
[Site "Jaromerice nad Rokytnou"]
[Date "2022.05.21"]
[Round "1"]
[White "Koubova, Anna Marie"]
[Black "Petrova, Kristyna"]
[Result "1/2-1/2"]
[WhiteElo "2115"]
[BlackElo "2264"]
[PlyCount "91"]
[EventDate "2022.05.21"]
[EventType "tourn"]
[EventRounds "9"]
[EventCountry "CZE"]
[SourceTitle "CBM 208 Extra"]
[Source "ChessBase"]
[SourceDate "2022.07.31"]
[SourceVersion "1"]
[SourceVersionDate "2022.07.31"]
[SourceQuality "1"]

1. d4 Nf6 2. c4 g6 3. Nc3 d5 4. cxd5 Nxd5 5. e4 Nxc3 6. bxc3 Bg7 7. Nf3 0-0 8. Be2 c5 9. 0-0 Bg4 10. Be3 Qa5 11. Rb1 cxd4 12. cxd4 Qxa2 13. Rxb7 Nc6 14. d5 Ne5 15. Rxe7 a5 16. Bd4 Nxf3+ 17. Bxf3 Bxf3 18. gxf3 Qa3 19. Bxg7 Qxe7 20. Bxf8 Qg5+ 21. Kh1 Rxf8 22. Rg1 Qf4 23. Qd3 a4 24. Ra1 Ra8 25. Qe3 Qe5 26. Ra2 Qb8 27. Ra3 Qb5 28. Kg2 Rc8 29. Rc3 Rxc3 30. Qxc3 h5 31. d6 Qg5+ 32. Kf1 Qb5+ 33. Ke1 Kh7 34. Kd2 h4 35. Qf6 Qb4+ 36. Ke3 Qe1+ 37. Kf4 Qc1+ 38. Kg4 Qg1+ 39. Kh3 Qf1+ 40. Kxh4 Qxf2+ 41. Kh3 Qf1+ 42. Kg3 Qg1+ 43. Kf4 Qc1+ 44. Kg3 Qg1+ 45. Kh3 Qf1+ 46. Kg3 1/2-1/2

[Event "Pobeskydy op 41st"]
[Site "Frydek Mistek"]
[Date "2022.04.16"]
[Round "6"]
[White "Seidl, Jan1111"]
[Black "Koubova, Anna Marie"]
[Result "1-0"]
[WhiteElo "1880"]
[BlackElo "2152"]
[PlyCount "65"]
[EventDate "2022.04.14"]
[EventType "swiss"]
[EventRounds "9"]
[EventCountry "CZE"]
[SourceTitle "CBM 207 Extra"]
[Source "ChessBase"]
[SourceDate "2022.05.31"]
[SourceVersion "1"]
[SourceVersionDate "2022.05.31"]
[SourceQuality "1"]

1. d4 d5 2. c4 dxc4 3. Nf3 Bg4 4. e3 Nf6 5. Bxc4 e6 6. h3 Bh5 7. Nc3 a6 8. a4 Nc6 9. 0-0 Bd6 10. Re1 0-0 11. e4 Bxf3 12. gxf3 e5 13. d5 Nd4 14. f4 c6 15. fxe5 Bxe5 16. dxc6 bxc6 17. Be3 Ne6 18. Qxd8 Rfxd8 19. a5 Nd4 20. Red1 Nb5 21. f3 Ne8 22. Na4 Bd4 23. Kf2 Nec7 24. Rac1 Rab8 25. Be2 Bxe3+ 26. Kxe3 Rxd1 27. Rxd1 Kf8 28. Nc5 Ke8 29. Bc4 Ne6 30. Bxe6 fxe6 31. Rd7 g6 32. Rxh7 Nd6 33. Rh8+ 1-0

[Event "Vienna (Women)"]
[Site "Vienna"]
[Date "2022.02.19"]
[Round "3"]
[White "Koubova, Anna Marie"]
[Black "Richterova, Natasa"]
[Result "1/2-1/2"]
[WhiteElo "2161"]
[BlackElo "2142"]
[PlyCount "120"]
[EventDate "2022.02.17"]
[EventType "tourn"]
[EventRounds "9"]
[EventCountry "AUT"]
[SourceTitle "CBM 207 Extra"]
[Source "ChessBase"]
[SourceDate "2022.05.31"]
[SourceVersion "1"]
[SourceVersionDate "2022.05.31"]
[SourceQuality "1"]

1. d4 d5 2. c4 e6 3. Nf3 Nf6 4. Bg5 Be7 5. e3 0-0 6. Bd3 Nbd7 7. 0-0 Re8 8. Nc3 h6 9. Bh4 b6 10. cxd5 exd5 11. Rc1 c6 12. Re1 Ne4 13. Bxe7 Qxe7 14. Nd2 Nxc3 15. Rxc3 Bb7 16. e4 dxe4 17. Bxe4 Qb4 18. Nc4 Nf6 19. a3 Qf8 20. f3 Rad8 21. Rd3 Ba6 22. Qa4 Bb5 23. Qb3 Re6 24. Rdd1 Bxc4 25. Qxc4 Qe7 26. Qc2 Re8 27. Rf1 Qd6 28. Qc4 R8e7 29. d5 cxd5 30. Bxd5 Nxd5 31. Rxd5 Qb8 32. Rfd1 Re1+ 33. Rxe1 Rxe1+ 34. Kf2 Re8 35. Rd7 Qe5 36. Qxf7+ Kh8 37. Rd1 Qxb2+ 38. Kg3 Qe5+ 39. Qf4 Re6 40. Qxe5 Rxe5 41. Rd7 Ra5 42. Rd3 Kg8 43. Kf4 Kf7 44. h4 Ke6 45. g4 Ra4+ 46. Kg3 b5 47. h5 Rc4 48. f4 a5 49. g5 b4 50. axb4 axb4 51. Kg4 hxg5 52. Kxg5 Rc7 53. Kg6 Rb7 54. f5+ Ke5 55. Rb3 Kd4 56. f6 gxf6 57. Kxf6 Kc4 58. Rb1 Kc3 59. h6 Kc2 60. Rxb4 Rxb4 1/2-1/2

[Event "Vienna (Women)"]
[Site "Vienna"]
[Date "2022.02.17"]
[Round "1"]
[White "Terbe, Julianna"]
[Black "Koubova, Anna Marie"]
[Result "1-0"]
[WhiteElo "2285"]
[BlackElo "2161"]
[PlyCount "80"]
[EventDate "2022.02.17"]
[EventType "tourn"]
[EventRounds "9"]
[EventCountry "AUT"]
[SourceTitle "CBM 207 Extra"]
[Source "ChessBase"]
[SourceDate "2022.05.31"]
[SourceVersion "1"]
[SourceVersionDate "2022.05.31"]
[SourceQuality "1"]

1. d4 d5 2. Nf3 Nf6 3. g3 Bf5 4. c4 e6 5. Nc3 c6 6. Nh4 dxc4 7. Nxf5 exf5 8. e3 Nbd7 9. Bxc4 Nb6 10. Bb3 g6 11. 0-0 Bg7 12. Qf3 0-0 13. Rd1 Nbd5 14. Bd2 Qd7 15. Rac1 Rad8 16. a3 Rfe8 17. Rc2 h5 18. h4 Qe7 19. Rdc1 Bh6 20. Nxd5 Nxd5 21. Rc5 Nf6 22. Ba5 Qe4 23. Qxe4 Nxe4 24. Re5 Rxe5 25. dxe5 b6 26. Be1 c5 27. Kg2 Kf8 28. Rc2 Rd3 29. Bc4 Rd1 30. Kf1 f6 31. Ke2 Rxe1+ 32. Kxe1 fxe5 33. Bd5 Nf6 34. Bc6 Ke7 35. b4 Kd6 36. Ba4 Bf8 37. bxc5+ bxc5 38. Rd2+ Kc7 39. Bb3 Ne4 40. Rc2 g5 1-0